Ecological economic : (Registro nro. 4303)
[ vista simple ]
| 000 -CABECERA | |
|---|---|
| Campo de control | 00870nam a2200253 a 4500 |
| 005 - FECHA Y HORA DE LA ULTIMA TRANSACCION | |
| Campo de control | 20160211201311.0 |
| 008 - ELEMENTOS DE LONGITUD FIJA—INFORMACION GENERAL | |
| Campo de control | 140314t1991 nyud fr|||| 001 0 eng d |
| 020 ## - ISBN | |
| ISBN | 0231075634 |
| 040 ## - FUENTE DE CATALOGACIÓN | |
| Agencia catalogadora original | CO-BoIAVH |
| Agencia transcriptora | CO-BoIAVH |
| 041 1# - IDIOMA | |
| Código de idioma para texto/pista de sonido o título separado | Inglés |
| 044 ## - PAÍS DE PUBLICACIÓN | |
| País de publicación | Estados Unidos |
| 082 04 - NUMERO DE CLASIFICACION DECIMAL DEWEY | |
| Número de clasificación | 333.7 |
| Número del ítem | C72e |
| 110 2# - ASIENTO PRINCIPAL--NOMBRE CORPORATIVO | |
| Nombre corporativo o de jurisdicción como elemento de entrada | Columbia University Press |
| 9 (RLIN) | 59036 |
| 245 10 - MENCION DE TITULO | |
| Título | Ecological economic : |
| Parte restante del título | the science and management of sustainability |
| 260 ## - PUBLICACION, DISTRIBUCION, ETC. (PIE DE IMPRENTA) | |
| Lugar de publicación, distribución, etc. | New York : |
| Nombre del editor, distribuidor, etc. | Columbia University Press, |
| Fecha de publicación, distribución, etc. | C1991. |
| 300 ## - DESCRIPCION FISICA | |
| Extensión | 525 páginas : |
| Otros detalles físicos | Gráficos ; |
| Dimensiones | 26 x 18 cm. |
| 500 ## - NOTA GENERAL | |
| Nota general | Incluye índice. |
| 650 16 - ASIENTO SECUNDARIO DE MATERIA - TERMINO TEMATICO | |
| Término temático o nombre geográfico como elemento de entrada | Economic development |
| Subdivisión general | environmental aspects |
| 9 (RLIN) | 59037 |
| 650 26 - ASIENTO SECUNDARIO DE MATERIA - TERMINO TEMATICO | |
| Término temático o nombre geográfico como elemento de entrada | Desarrollo economico |
| Subdivisión general | Aspectos ambientales |
| 9 (RLIN) | 59038 |
| 650 26 - ASIENTO SECUNDARIO DE MATERIA - TERMINO TEMATICO | |
| Término temático o nombre geográfico como elemento de entrada | Estudios de casos |
| 9 (RLIN) | 1161 |
| 650 26 - ASIENTO SECUNDARIO DE MATERIA - TERMINO TEMATICO | |
| Término temático o nombre geográfico como elemento de entrada | Educación Ambiental |
| Subdivisión general | Política Ambiental |
| 9 (RLIN) | 59039 |
| 700 1# - ASIENTO SECUNDARIO - NOMBRE PERSONAL | |
| Nombre personal | Constanza, Robert |
| Término de relación | Editor |
| 9 (RLIN) | 13928 |
| 942 ## - ELEMENTOS ADICIONALES (KOHA) | |
| Tipo de ítem | Libro |
| Sistema de clasificación | Dewey Decimal Classification |
| Withdrawn status | Lost status | Sistema de Clasificación | Damaged status | No para préstamo | Colección | Inventariado | Ubicación Permanente | Ubicación actual | Fecha de adquisición | Fuente de Valor | Valor | Total Checkouts | Número topográfico | Inventario / Código de Barras | Date last seen | Ejemplar | Price effective from | Forma de adquisición | Tipo de material |
|---|---|---|---|---|---|---|---|---|---|---|---|---|---|---|---|---|---|---|---|
| Dewey Decimal Classification | General | Inventariado 2017 | Bogotá | Bogotá | 24/01/2005 | Instituto | 39000.00 | LB-333.7 C72e | 017075 | 04/12/2012 | Ej. 1 | 04/12/2012 | Libro |